IFM Opac

Financial Analysis of Motor Transport Operation (Record no. 17427)

MARC details
000 -LEADER
fixed length control field 00422nam a22001457a 4500
020 ## - INTERNATIONAL STANDARD BOOK NUMBER
International Standard Book Number 0 7161 0203 X
082 ## - DEWEY DECIMAL CLASSIFICATION NUMBER
Classification number 388.11 COO
100 ## - MAIN ENTRY--PERSONAL NAME
Personal name Cooke,P.N.C.
245 ## - TITLE STATEMENT
Title Financial Analysis of Motor Transport Operation
260 ## - PUBLICATION, DISTRIBUTION, ETC.
Place of publication, distribution, etc. Braitain
Name of publisher, distributor, etc. Redwood Burn Limited,Trowbridge & Esher
Date of publication, distribution, etc. 1994
300 ## - PHYSICAL DESCRIPTION
Extent xiii,160p.
Other physical details iil:,25cm
500 ## - GENERAL NOTE
General note includes index,appendix and bibliography
650 ## - SUBJECT ADDED ENTRY--TOPICAL TERM
Topical term or geographic name entry element Operation cost
942 ## - ADDED ENTRY ELEMENTS (KOHA)
Koha item type Books
Holdings
Withdrawn status Lost status Source of classification or shelving scheme Damaged status Not for loan Home library Current library Shelving location Date acquired Full call number Barcode Date last seen Price effective from Koha item type
    Dewey Decimal Classification     IFM Main Campus Library IFM Main Campus Library   08/03/2017 388.11 COO 0000011608 08/03/2017 08/03/2017 Books